[Event "PMPJ 2022 - C17"]
[Site "Jastrzebia Gora"]
[Date "2022.11.09"]
[Round "6.15"]
[White "Szafranski, Maciej"]
[Black "Wesolek, Krzysztof"]
[Result "1/2-1/2"]
[BlackElo "1667"]
[WhiteElo "1511"]
[LiveChessVersion "1.4.8"]

1. e4 {[%clk 1:30:56]} e5 {[%clk 1:30:57]} 2. Nf3 {[%clk 1:31:16]} Nf6
{[%clk 1:31:23]} 3. Nxe5 {[%clk 1:31:11]} d6 {[%clk 1:31:47]} 4. Nf3
{[%clk 1:31:37]} Nxe4 {[%clk 1:32:13]} 5. d4 {[%clk 1:32:02]} d5 {[%clk 1:32:40]}
6. Bd3 {[%clk 1:32:28]} Bg4 {[%clk 1:32:36]} 7. O-O {[%clk 1:30:09]} Bd6
{[%clk 1:31:38]} 8. Re1 {[%clk 1:24:25]} f5 {[%clk 1:31:49]} 9. c4
{[%clk 1:24:40]} O-O {[%clk 1:32:12]} 10. h3 {[%clk 1:15:29]} Bxf3
{[%clk 1:07:48]} 11. Qxf3 Nc6 {[%clk 1:07:56]} 12. cxd5 {[%clk 1:01:42]} Nxd4
{[%clk 0:40:52]} 13. Qd1 {[%clk 0:46:36]} Bc5 {[%clk 0:31:13]} 14. Be3
{[%clk 0:44:05]} Qxd5 {[%clk 0:30:36]} 15. Nd2 {[%clk 0:44:18]} Nxd2
{[%clk 0:23:06]} 16. Qxd2 {[%clk 0:44:16]} Rad8 {[%clk 0:14:28]} 17. Red1
{[%clk 0:43:52]} Ne6 18. Qe2 Kh8 {[%clk 0:13:08]} 19. Bc4 {[%clk 0:40:26]} Qe5
{[%clk 0:13:10]} 20. Bxc5 {[%clk 0:37:36]} Qxe2 21. Bxe2 {[%clk 0:38:03]} Nxc5
{[%clk 0:13:19]} 22. Rxd8 {[%clk 0:37:09]} Rxd8 {[%clk 0:13:46]} 23. Rc1
{[%clk 0:37:33]} Ne6 {[%clk 0:13:16]} 24. Bc4 {[%clk 0:37:13]} Nd4
{[%clk 0:13:22]} 25. Re1 {[%clk 0:36:59]} Nc6 {[%clk 0:09:11]} 26. Bd5
{[%clk 0:37:06]} h6 {[%clk 0:08:01]} 27. Bxc6 {[%clk 0:35:56]} bxc6
{[%clk 0:08:30]} 28. Re7 {[%clk 0:36:21]} Rd1+ {[%clk 0:08:48]} 29. Kh2
{[%clk 0:36:45]} Rd2 {[%clk 0:09:07]} 30. Rxc7 {[%clk 0:36:53]} Rxb2
{[%clk 0:07:01]} 31. Rxa7 {[%clk 0:37:18]} Rxf2 {[%clk 0:07:25]} 32. Kg3
{[%clk 0:37:30]} Rc2 {[%clk 0:05:08]} 33. a4 {[%clk 0:37:49]} Kh7
{[%clk 0:02:54]} 34. Kf3 {[%clk 0:37:34]} Ra2 {[%clk 0:01:57]} 35. g4
{[%clk 0:36:19]} fxg4+ {[%clk 0:01:27]} 36. hxg4 {[%clk 0:36:44]} Kg6
{[%clk 0:00:49]} 37. a5 {[%clk 0:36:51]} c5 {[%clk 0:01:07]} 38. a6
{[%clk 0:37:17]} Ra4 {[%clk 0:00:46]} 39. Rc7 {[%clk 0:37:35]} Rxa6
{[%clk 0:01:10]} 40. Rxc5 {[%clk 0:38:01]} Ra3+ {[%clk 0:01:22]} 41. Kf4
{[%clk 0:38:15]} Ra4+ {[%clk 0:01:47]} 42. Kf3 {[%clk 0:38:41]} Ra6
{[%clk 0:02:00]} 43. Kf4 {[%clk 0:38:56]} Rb6 {[%clk 0:02:07]} 44. Ra5
{[%clk 0:37:38]} Kf6 {[%clk 0:01:51]} 45. Rf5+ {[%clk 0:37:50]} Ke6
{[%clk 0:01:58]} 46. Re5+ {[%clk 0:38:17]} Kf6 {[%clk 0:01:56]} 47. Rf5+
{[%clk 0:38:43]} Kg6 {[%clk 0:02:18]} 48. Ra5 {[%clk 0:39:10]} Rb4+
{[%clk 0:01:21]} 49. Kg3 {[%clk 0:39:34]} Re4 {[%clk 0:01:23]} 50. Kf3
{[%clk 0:39:51]} Re6 {[%clk 0:01:43]} 51. Kf4 {[%clk 0:40:16]} Kf6
{[%clk 0:01:47]} 52. Rf5+ {[%clk 0:33:23]} Ke7 {[%clk 0:02:09]} 53. Ra5
{[%clk 0:31:53]} g6 {[%clk 0:02:24]} 54. Rb5 {[%clk 0:32:15]} Kf6
{[%clk 0:02:11]} 55. Ra5 {[%clk 0:32:39]} g5+ {[%clk 0:01:43]} 56. Kf3
{[%clk 0:33:02]} Rb6 {[%clk 0:01:05]} 57. Ra3 {[%clk 0:33:13]} Ke5
{[%clk 0:00:38]} 1/2-1/2

[Event "PMPJ 2022 - C17"]
[Site "Jastrzebia Gora"]
[Date "2022.11.09"]
[Round "6.16"]
[White "Grochowski, Adam"]
[Black "Bem, Tymoteusz"]
[Result "0-1"]
[BlackElo "1652"]
[WhiteElo "1204"]
[LiveChessVersion "1.4.8"]

1. c4 {[%clk 1:30:56]} c6 {[%clk 1:30:24]} 2. g3 {[%clk 1:30:51]} Nf6
{[%clk 1:30:39]} 3. Bg2 {[%clk 1:30:55]} d5 {[%clk 1:30:26]} 4. cxd5
{[%clk 1:30:09]} cxd5 {[%clk 1:30:46]} 5. Nf3 {[%clk 1:30:24]} Nc6
{[%clk 1:26:09]} 6. d4 {[%clk 1:27:22]} Bf5 {[%clk 1:25:37]} 7. a3
{[%clk 1:27:24]} e6 {[%clk 1:23:24]} 8. O-O {[%clk 1:24:14]} Bd6 {[%clk 1:22:21]}
9. Nc3 {[%clk 1:23:56]} h6 {[%clk 1:22:24]} 10. h4 {[%clk 1:18:01]} O-O 11. b4
{[%clk 1:12:19]} Rc8 {[%clk 1:18:27]} 12. Bb2 {[%clk 1:10:49]} Bb8
{[%clk 1:05:42]} 13. Qb3 {[%clk 1:03:24]} Ne8 {[%clk 1:03:57]} 14. Nd1
{[%clk 0:57:51]} Nd6 15. Nd2 {[%clk 0:55:21]} a6 {[%clk 0:48:27]} 16. Ne3
{[%clk 0:54:54]} Bh7 {[%clk 0:48:40]} 17. Rac1 {[%clk 0:45:04]} Ba7
{[%clk 0:48:46]} 18. Rc5 {[%clk 0:32:08]} Bxc5 {[%clk 0:42:16]} 19. dxc5
{[%clk 0:32:34]} Nf5 {[%clk 0:42:21]} 20. Nxf5 {[%clk 0:30:56]} Bxf5
{[%clk 0:42:48]} 21. e4 Bh7 {[%clk 0:39:14]} 22. exd5 {[%clk 0:29:18]} exd5
{[%clk 0:38:26]} 23. Bxd5 {[%clk 0:28:19]} Ne7 {[%clk 0:35:05]} 24. Qc3
{[%clk 0:28:25]} Nf5 {[%clk 0:35:33]} 25. Bxb7 {[%clk 0:25:46]} Rc7
{[%clk 0:35:56]} 26. Bxa6 {[%clk 0:25:25]} Rd7 {[%clk 0:35:01]} 27. c6
{[%clk 0:23:56]} Rxd2 {[%clk 0:31:23]} 28. c7 {[%clk 0:23:44]} Qa8
{[%clk 0:29:52]} 29. Qxd2 {[%clk 0:20:22]} Qxa6 {[%clk 0:29:43]} 30. Qd8
{[%clk 0:17:00]} Nd6 {[%clk 0:27:16]} 31. Rd1 {[%clk 0:16:43]} Nc8
{[%clk 0:27:31]} 32. Bd4 {[%clk 0:13:01]} Bc2 {[%clk 0:23:34]} 33. Bc5
{[%clk 0:08:48]} Bxd1 {[%clk 0:23:53]} 34. Qxf8+ {[%clk 0:09:05]} Kh7
{[%clk 0:24:21]} 35. Bd4 {[%clk 0:07:34]} f6 {[%clk 0:23:52]} 36. b5
{[%clk 0:06:19]} Qe6 {[%clk 0:23:06]} 37. Qb4 {[%clk 0:05:46]} Bf3
{[%clk 0:22:19]} 38. Qb1+ {[%clk 0:04:38]} Be4 {[%clk 0:21:50]} 39. Qf1
{[%clk 0:04:38]} Qd7 {[%clk 0:19:45]} 40. Be3 {[%clk 0:03:53]} Bd3
{[%clk 0:19:41]} 41. Qc1 {[%clk 0:02:33]} Qxb5 {[%clk 0:19:33]} 42. Qc3
{[%clk 0:01:53]} Be4 {[%clk 0:19:29]} 43. Qb4 {[%clk 0:02:00]} Qd3
{[%clk 0:19:14]} 44. Bd2 {[%clk 0:01:44]} Qf3 {[%clk 0:19:34]} 45. Kf1
{[%clk 0:01:58]} Qd3+ {[%clk 0:16:52]} 46. Kg1 {[%clk 0:02:13]} Qf3
{[%clk 0:15:47]} 47. Kf1 {[%clk 0:02:34]} Qd3+ {[%clk 0:12:07]} 48. Kg1
{[%clk 0:02:41]} Qb1+ {[%clk 0:12:35]} 49. Be1 {[%clk 0:02:49]} Qxb4
{[%clk 0:12:49]} 50. axb4 {[%clk 0:03:13]} Kg6 {[%clk 0:13:01]} 51. Bd2
{[%clk 0:03:26]} Kf5 {[%clk 0:13:14]} 52. f4 {[%clk 0:03:04]} h5 {[%clk 0:12:58]}
53. Kf2 {[%clk 0:03:27]} Ke6 {[%clk 0:13:12]} 54. f5+ {[%clk 0:01:49]} Bxf5
{[%clk 0:13:27]} 55. Bf4 {[%clk 0:02:06]} Kd7 {[%clk 0:13:45]} 56. Ke3
{[%clk 0:02:11]} Na7 {[%clk 0:12:51]} 57. Kd4 {[%clk 0:01:44]} Nb5+
{[%clk 0:12:40]} 58. Kc5 {[%clk 0:01:58]} Nxc7 {[%clk 0:13:05]} 59. Bd2
{[%clk 0:01:09]} Bd3 {[%clk 0:13:23]} 60. Kd4 {[%clk 0:01:13]} Be2
{[%clk 0:13:23]} 61. Ke4 {[%clk 0:01:16]} Kc6 {[%clk 0:13:40]} 62. Kf5
{[%clk 0:01:07]} Bd3+ 63. Kf4 {[%clk 0:01:18]} Ne6+ {[%clk 0:14:18]} 64. Kf3
{[%clk 0:01:31]} Bf5 {[%clk 0:14:43]} 65. Bc1 {[%clk 0:00:59]} Kb5
{[%clk 0:15:10]} 66. Bd2 {[%clk 0:01:22]} Nd4+ {[%clk 0:14:48]} 67. Kf2
{[%clk 0:01:32]} Nc6 {[%clk 0:14:54]} 68. Bf4 {[%clk 0:01:51]} Kxb4
{[%clk 0:15:14]} 69. Bd6+ {[%clk 0:02:16]} Kc4 {[%clk 0:15:36]} 70. Bf8
{[%clk 0:02:37]} g6 {[%clk 0:15:53]} 71. Ke3 {[%clk 0:02:28]} Kd5
{[%clk 0:16:10]} 72. Kf4 {[%clk 0:02:31]} Bg4 {[%clk 0:16:00]} 73. Ba3
{[%clk 0:02:25]} Ke6 {[%clk 0:15:53]} 74. Bb2 {[%clk 0:02:39]} Nb4
{[%clk 0:16:10]} 75. Ba3 {[%clk 0:02:46]} Nd5+ {[%clk 0:16:24]} 76. Ke4
{[%clk 0:03:05]} Bh3 {[%clk 0:16:37]} 77. Bb2 {[%clk 0:03:18]} Bg2+
{[%clk 0:17:01]} 78. Kd3 {[%clk 0:03:28]} Kf5 {[%clk 0:17:24]} 79. Ke2
{[%clk 0:03:49]} Kg4 {[%clk 0:17:47]} 80. Kf2 {[%clk 0:04:08]} Be4
{[%clk 0:17:29]} 81. Bd4 {[%clk 0:04:15]} f5 {[%clk 0:17:30]} 82. Be5
{[%clk 0:04:22]} f4 {[%clk 0:17:36]} 83. gxf4 {[%clk 0:04:06]} Bf5
{[%clk 0:17:59]} 84. Kg2 {[%clk 0:03:42]} Nxf4+ {[%clk 0:18:21]} 85. Kh2
{[%clk 0:03:54]} Nd5 {[%clk 0:18:28]} 86. Bd4 {[%clk 0:04:13]} Kxh4
{[%clk 0:18:49]} 87. Bf2+ {[%clk 0:04:26]} Kg4 {[%clk 0:19:13]} 88. Kg1
{[%clk 0:04:47]} Nf4 {[%clk 0:19:36]} 89. Bd4 {[%clk 0:05:00]} Ne2+ 0-1

[Event "PMPJ 2022 - C17"]
[Site "Jastrzebia Gora"]
[Date "2022.11.09"]
[Round "6.17"]
[White "Skrzypczynski, Kacper"]
[Black "Czarniecki, Pawel"]
[Result "1-0"]
[BlackElo "1524"]
[WhiteElo "1894"]
[LiveChessVersion "1.4.8"]

1. d4 {[%clk 1:30:57]} d5 {[%clk 1:30:56]} 2. c4 {[%clk 1:31:21]} e6
{[%clk 1:31:22]} 3. Nc3 {[%clk 1:31:45]} Nf6 {[%clk 1:31:46]} 4. cxd5
{[%clk 1:32:05]} exd5 {[%clk 1:32:09]} 5. Bg5 {[%clk 1:32:28]} Nbd7
{[%clk 1:32:34]} 6. e3 {[%clk 1:32:44]} c6 {[%clk 1:33:01]} 7. Bd3
{[%clk 1:32:57]} Bd6 {[%clk 1:33:20]} 8. Nf3 {[%clk 1:32:55]} h6 {[%clk 1:32:47]}
9. Bh4 {[%clk 1:33:18]} O-O {[%clk 1:32:41]} 10. Qc2 {[%clk 1:33:11]} Re8
{[%clk 1:32:53]} 11. O-O {[%clk 1:33:26]} Nf8 {[%clk 1:32:11]} 12. Rab1
{[%clk 1:33:12]} Qe7 {[%clk 1:29:46]} 13. Bg3 {[%clk 1:32:58]} Bxg3
{[%clk 1:26:33]} 14. hxg3 {[%clk 1:33:19]} Ne4 {[%clk 1:26:17]} 15. b4
{[%clk 1:31:43]} a6 {[%clk 1:26:10]} 16. a4 {[%clk 1:30:45]} f5 {[%clk 1:22:45]}
17. b5 {[%clk 1:30:40]} axb5 {[%clk 1:22:16]} 18. axb5 {[%clk 1:30:57]} Ra3
{[%clk 1:19:08]} 19. Bxe4 {[%clk 1:28:40]} fxe4 {[%clk 1:19:09]} 20. Ne5
{[%clk 1:29:03]} Qd6 {[%clk 1:01:46]} 21. bxc6 {[%clk 1:24:52]} bxc6
{[%clk 1:02:03]} 22. Rb6 {[%clk 1:24:49]} Ra6 {[%clk 0:58:12]} 23. Rfb1
{[%clk 1:23:55]} Re6 {[%clk 0:52:37]} 24. Rxa6 {[%clk 1:21:58]} Bxa6
{[%clk 0:52:43]} 25. Rb6 {[%clk 1:22:21]} Qa3 {[%clk 0:51:05]} 26. Rxc6
{[%clk 1:22:27]} Bd3 {[%clk 0:49:10]} 27. Qd2 {[%clk 1:22:35]} Rxc6
{[%clk 0:49:05]} 28. Nxc6 {[%clk 1:23:00]} Qd6 {[%clk 0:48:49]} 29. Ne5
{[%clk 1:22:14]} Nd7 {[%clk 0:48:41]} 30. Nxd3 {[%clk 1:22:34]} exd3
{[%clk 0:48:56]} 31. Qxd3 {[%clk 1:23:00]} Nf6 {[%clk 0:49:15]} 32. Qf5
{[%clk 1:20:32]} Qc6 {[%clk 0:47:26]} 33. Qd3 {[%clk 1:18:37]} Kh8
{[%clk 0:46:35]} 34. Ne2 {[%clk 1:17:57]} Qa4 {[%clk 0:46:32]} 35. f3
{[%clk 1:18:03]} Qa1+ {[%clk 0:45:46]} 36. Kf2 {[%clk 1:18:22]} Qb2
{[%clk 0:45:21]} 37. Qf5 Qb7 38. g4 Nh7 39. Nf4 Nf6 40. g5 hxg5 41. Qxg5 Qf7 42.
Qh4+ Kg8 43. g4 Kf8 44. g5 Ne8 45. g6 Qf5 46. Qd8 Qf6 47. Qxd5 Nd6 48. Qa8+ Ne8
49. Qd5 Nd6 50. Qe6 Qd8 51. Qh3 Qf6 52. Qh8+ Ke7 53. Nd5+ 1-0

[Event "PMPJ 2022 - C17"]
[Site "Jastrzebia Gora"]
[Date "2022.11.09"]
[Round "6.18"]
[White "Kuczmik, Pawel"]
[Black "Raba, Bartosz"]
[Result "0-1"]
[BlackElo "1896"]
[WhiteElo "1426"]
[LiveChessVersion "1.4.8"]

1. f4 {[%clk 1:30:43]} d5 2. Nf3 {[%clk 1:30:55]} Nf6 {[%clk 1:28:54]} 3. b3
{[%clk 1:30:26]} e6 {[%clk 1:26:15]} 4. Bb2 {[%clk 1:30:22]} Bd6 {[%clk 1:25:54]}
5. e3 {[%clk 1:29:36]} Nbd7 {[%clk 1:25:19]} 6. g4 {[%clk 1:21:38]} h6
{[%clk 1:15:36]} 7. Rg1 {[%clk 1:01:30]} b6 {[%clk 1:08:44]} 8. Bb5
{[%clk 0:58:33]} Bb7 {[%clk 1:07:13]} 9. Bxd7+ {[%clk 0:58:19]} Qxd7
{[%clk 1:03:50]} 10. d3 {[%clk 0:52:13]} O-O-O {[%clk 1:02:31]} 11. Nbd2
{[%clk 0:50:10]} c5 {[%clk 0:51:26]} 12. Qe2 {[%clk 0:38:00]} d4 {[%clk 0:42:00]}
13. Nc4 {[%clk 0:29:00]} Nd5 {[%clk 0:36:35]} 14. Nfe5 {[%clk 0:23:24]} Qc7
{[%clk 0:33:55]} 15. exd4 {[%clk 0:19:13]} Nxf4 {[%clk 0:32:36]} 16. Qd2
{[%clk 0:18:14]} g5 {[%clk 0:28:19]} 17. Nxd6+ {[%clk 0:18:31]} Rxd6
{[%clk 0:26:38]} 18. dxc5 {[%clk 0:17:47]} Qxc5 {[%clk 0:26:10]} 19. Qc3
{[%clk 0:14:25]} Rf8 {[%clk 0:23:41]} 20. Qxc5+ {[%clk 0:12:27]} bxc5
{[%clk 0:24:10]} 21. Ba3 {[%clk 0:12:25]} Rd5 {[%clk 0:24:25]} 22. d4
{[%clk 0:11:23]} cxd4 {[%clk 0:15:22]} 23. Bxf8 {[%clk 0:09:08]} Rxe5+
{[%clk 0:15:51]} 24. Kf2 {[%clk 0:08:51]} Re2+ {[%clk 0:16:07]} 25. Kg3
{[%clk 0:08:56]} Rxc2 {[%clk 0:16:30]} 26. Bxh6 {[%clk 0:08:39]} Ne2+
{[%clk 0:16:59]} 27. Kf2 {[%clk 0:08:47]} Nxg1+ {[%clk 0:16:57]} 28. Kxg1
{[%clk 0:09:14]} Rg2+ {[%clk 0:17:13]} 29. Kf1 {[%clk 0:09:20]} Rxh2
{[%clk 0:17:36]} 30. Rc1+ {[%clk 0:09:40]} Kd7 {[%clk 0:18:05]} 31. Bxg5
{[%clk 0:10:00]} e5 {[%clk 0:14:56]} 32. Re1 {[%clk 0:09:49]} e4 {[%clk 0:12:46]}
33. Rc1 {[%clk 0:07:08]} Rh1+ {[%clk 0:10:49]} 34. Ke2 {[%clk 0:06:41]} Ba6+
{[%clk 0:11:12]} 35. Kd2 {[%clk 0:06:43]} e3+ {[%clk 0:11:38]} 36. Kc2
{[%clk 0:06:53]} d3+ {[%clk 0:11:50]} 37. Kb2 {[%clk 0:07:12]} Rh2+
{[%clk 0:12:11]} 38. Kc3 {[%clk 0:07:26]} d2 {[%clk 0:12:25]} 39. Rd1
{[%clk 0:07:35]} Be2 {[%clk 0:12:49]} 0-1

[Event "PMPJ 2022 - C17"]
[Site "Jastrzebia Gora"]
[Date "2022.11.09"]
[Round "6.19"]
[White "Ochalik, Filip"]
[Black "Ullrich, Karol"]
[Result "1/2-1/2"]
[BlackElo "1848"]
[WhiteElo "1448"]
[LiveChessVersion "1.4.8"]

1. d4 d5 2. c4 c6 3. Nc3 Nf6 4. e3 a6 5. cxd5 cxd5 6. Bd3 e6 7. Nge2 Nc6 8. O-O
Bd6 9. h3 O-O 10. e4 dxe4 11. Nxe4 Nxe4 12. Bxe4 Qh4 13. Bf3 Rd8 14. Be3 e5 15.
d5 e4 16. g3 Qe7 17. Bg2 Ne5 18. Bxe4 Bxh3 19. Bg2 Bxg2 20. Kxg2 Nc4 21. Bf4 Nb6
22. Qd3 Nxd5 23. Rh1 Nxf4+ 24. Nxf4 g6 25. Nd5 Qg5 26. Qf3 Be5 27. Nb6 Rab8 28.
Rac1 Bxb2 29. Rxh7 Kxh7 30. Qxf7+ Bg7 31. Rh1+ Qh6 32. Rxh6+ Kxh6 33. Nd7 Rbc8
34. Qe7 Kh7 35. Ne5 Re8 36. Qh4+ Kg8 37. Nxg6 Rc7 38. Qf4 Rc6 39. Qg5 Rf6 40. Nf4
Ref8 41. Qd5+ 1/2-1/2

[Event "PMPJ 2022 - C17"]
[Site "Jastrzebia Gora"]
[Date "2022.11.09"]
[Round "6.20"]
[White "Bekier, Piotr"]
[Black "Grzechowiak, Kacper"]
[Result "1/2-1/2"]
[BlackElo "1448"]
[WhiteElo "1548"]
[LiveChessVersion "1.4.8"]

1. d4 {[%clk 1:31:26]} Nf6 {[%clk 1:31:10]} 2. c4 {[%clk 1:31:35]} e5
{[%clk 1:31:25]} 3. dxe5 {[%clk 1:31:57]} Ng4 {[%clk 1:31:50]} 4. Bf4 Nc6
{[%clk 1:32:12]} 5. Nf3 {[%clk 1:32:20]} Bb4+ 6. Nc3 {[%clk 1:33:13]} Bxc3+
{[%clk 1:32:38]} 7. bxc3 {[%clk 1:33:13]} Qe7 {[%clk 1:33:03]} 8. Qd5
{[%clk 1:33:35]} f6 {[%clk 1:33:09]} 9. exf6 {[%clk 1:33:10]} Nxf6 10. Qd3 d6
{[%clk 1:32:19]} 11. e3 {[%clk 1:32:55]} O-O {[%clk 1:30:40]} 12. h3
{[%clk 1:31:30]} Ne5 {[%clk 1:24:51]} 13. Nxe5 {[%clk 1:25:26]} dxe5
{[%clk 1:25:15]} 14. Bg5 Be6 {[%clk 1:21:09]} 15. Be2 {[%clk 1:22:48]} Rad8
{[%clk 1:20:34]} 16. Qc2 {[%clk 1:09:16]} Qf7 {[%clk 1:17:12]} 17. O-O
{[%clk 1:09:00]} Bxc4 {[%clk 1:11:46]} 18. Bxc4 {[%clk 1:08:48]} Qxc4
{[%clk 1:12:14]} 19. Qb3 {[%clk 1:06:41]} Qxb3 {[%clk 1:10:43]} 20. axb3
{[%clk 1:07:07]} a6 {[%clk 1:10:37]} 21. Bxf6 {[%clk 1:05:08]} Rxf6
{[%clk 1:10:47]} 22. Rfd1 {[%clk 1:05:31]} Rfd6 {[%clk 1:11:15]} 23. Rxd6
{[%clk 1:05:01]} Rxd6 {[%clk 1:11:36]} 24. Ra4 {[%clk 1:04:47]} Kf7
{[%clk 1:08:13]} 25. Kf1 {[%clk 1:01:45]} Rc6 {[%clk 1:04:45]} 26. c4
{[%clk 1:01:45]} Ke6 27. Ke2 {[%clk 0:59:13]} Kf5 {[%clk 0:30:17]} 28. Ra5
{[%clk 0:34:59]} Ke6 {[%clk 0:29:53]} 29. Kd2 {[%clk 0:34:40]} Rd6+
{[%clk 0:29:05]} 30. Kc2 {[%clk 0:34:56]} Rd7 1/2-1/2

[Event "PMPJ 2022 - C17"]
[Site "Jastrzebia Gora"]
[Date "2022.11.09"]
[Round "6.21"]
[White "Witkowski, Jedrzej"]
[Black "Mazus, Jakub"]
[Result "1-0"]
[BlackElo "1430"]
[WhiteElo "1463"]
[LiveChessVersion "1.4.8"]

1. e4 {[%clk 1:30:52]} e5 {[%clk 1:30:09]} 2. f4 {[%clk 1:31:13]} Bc5
{[%clk 1:30:35]} 3. Nf3 {[%clk 1:31:36]} d6 {[%clk 1:31:01]} 4. fxe5
{[%clk 1:32:01]} dxe5 {[%clk 1:31:12]} 5. c3 {[%clk 1:32:15]} Nc6
{[%clk 1:26:35]} 6. b4 {[%clk 1:29:27]} Bb6 {[%clk 1:26:47]} 7. Bc4
{[%clk 1:29:36]} Bg4 {[%clk 1:25:02]} 8. d3 {[%clk 1:25:41]} f5 {[%clk 1:18:02]}
9. exf5 {[%clk 1:17:19]} e4 {[%clk 0:58:30]} 10. dxe4 {[%clk 1:12:16]} Qxd1+
{[%clk 0:58:14]} 11. Kxd1 {[%clk 1:12:36]} Nxb4 {[%clk 0:58:34]} 12. Ba3
{[%clk 1:06:41]} O-O-O+ {[%clk 0:50:32]} 13. Kc1 {[%clk 1:06:19]} Nc6
{[%clk 0:42:08]} 14. Nbd2 {[%clk 1:02:13]} Nf6 {[%clk 0:34:16]} 15. Re1
{[%clk 0:59:38]} Rhe8 {[%clk 0:24:26]} 16. Bb5 {[%clk 0:28:26]} Ne5
{[%clk 0:21:24]} 17. Nxe5 {[%clk 0:25:25]} Rxe5 {[%clk 0:21:45]} 18. Bc4
{[%clk 0:25:27]} Ba5 {[%clk 0:19:51]} 19. Kc2 {[%clk 0:24:49]} Rxd2+
{[%clk 0:19:45]} 20. Kxd2 {[%clk 0:25:03]} Nxe4+ {[%clk 0:19:40]} 21. Kc2
{[%clk 0:23:20]} Bxf5 {[%clk 0:17:44]} 22. Bd3 {[%clk 0:20:23]} Bxc3
{[%clk 0:10:30]} 23. Bb2 {[%clk 0:19:51]} Rc5 {[%clk 0:09:58]} 24. Rxe4
{[%clk 0:17:58]} Bd4+ {[%clk 0:08:23]} 25. Kb3 {[%clk 0:18:04]} Bxe4
{[%clk 0:02:29]} 26. Bxd4 {[%clk 0:16:42]} Rd5 {[%clk 0:01:34]} 27. Bxe4
{[%clk 0:16:08]} Rxd4 {[%clk 0:01:54]} 28. Bxh7 {[%clk 0:16:18]} c5
{[%clk 0:00:50]} 29. Kc3 {[%clk 0:15:12]} Kc7 {[%clk 0:01:05]} 30. Rf1
{[%clk 0:13:45]} g5 {[%clk 0:00:49]} 31. Rf5 {[%clk 0:13:32]} Kb6
{[%clk 0:00:33]} 32. Rxg5 {[%clk 0:13:27]} Rh4 {[%clk 0:00:52]} 33. Rg6+
{[%clk 0:12:41]} Ka5 {[%clk 0:00:44]} 34. Rg7 {[%clk 0:12:24]} Rxh2
{[%clk 0:01:01]} 35. Be4 {[%clk 0:12:33]} b5 {[%clk 0:00:33]} 36. Rxa7+
{[%clk 0:12:44]} Kb6 {[%clk 0:00:59]} 37. Rb7+ {[%clk 0:12:47]} Ka6
{[%clk 0:01:22]} 38. Rh7 {[%clk 0:12:18]} 1-0

[Event "PMPJ 2022 - C17"]
[Site "Jastrzebia Gora"]
[Date "2022.11.09"]
[Round "6.22"]
[White "Komisarski, Jerzy"]
[Black "Wiosna, Krzysztof"]
[Result "1-0"]
[BlackElo "1159"]
[WhiteElo "1397"]
[LiveChessVersion "1.4.8"]

1. d4 {[%clk 1:30:58]} Nf6 {[%clk 1:30:56]} 2. Bg5 {[%clk 1:31:21]} d6
{[%clk 1:31:22]} 3. Bxf6 {[%clk 1:31:43]} gxf6 {[%clk 1:31:48]} 4. c4
{[%clk 1:31:41]} f5 {[%clk 1:32:11]} 5. e3 {[%clk 1:31:38]} Bg7 {[%clk 1:32:32]}
6. Bd3 {[%clk 1:31:54]} c5 {[%clk 1:32:31]} 7. Ne2 {[%clk 1:31:02]} Qb6
{[%clk 1:30:08]} 8. Qc2 {[%clk 1:30:14]} cxd4 {[%clk 1:27:30]} 9. Nxd4
{[%clk 1:27:44]} Bxd4 {[%clk 1:14:59]} 10. exd4 {[%clk 1:27:55]} Qxd4
{[%clk 1:15:22]} 11. Nc3 {[%clk 1:25:29]} Qe5+ {[%clk 1:07:32]} 12. Ne2
{[%clk 1:23:41]} Nc6 {[%clk 1:04:29]} 13. O-O-O {[%clk 1:23:37]} Bd7
{[%clk 0:52:37]} 14. Rhe1 {[%clk 1:21:46]} Rc8 {[%clk 0:43:43]} 15. Nc3
{[%clk 1:20:51]} Qf4+ {[%clk 0:42:03]} 16. Kb1 {[%clk 1:17:35]} e6
{[%clk 0:37:10]} 17. Nd5 {[%clk 1:13:04]} Qxh2 {[%clk 0:34:53]} 18. Qc3
{[%clk 1:08:35]} Ne5 {[%clk 0:33:07]} 19. f4 {[%clk 1:08:05]} exd5
{[%clk 0:31:02]} 20. fxe5 {[%clk 1:07:15]} O-O {[%clk 0:29:43]} 21. g4
{[%clk 1:04:03]} dxc4 {[%clk 0:27:09]} 22. Bc2 {[%clk 1:00:54]} Rfe8
{[%clk 0:24:18]} 23. gxf5 {[%clk 0:58:13]} Rc5 {[%clk 0:22:41]} 24. e6
{[%clk 0:56:05]} fxe6 {[%clk 0:21:28]} 25. Rg1+ {[%clk 0:56:20]} 1-0

[Event "PMPJ 2022 - C17"]
[Site "Jastrzebia Gora"]
[Date "2022.11.09"]
[Round "6.23"]
[White "Balcerzak, Robert"]
[Black "Haluja, Wiktor"]
[Result "1/2-1/2"]
[BlackElo "1435"]
[WhiteElo "1434"]
[LiveChessVersion "1.4.8"]

1. e4 c5 2. Nf3 Nc6 3. d4 cxd4 4. Nxd4 Nf6 5. Nc3 e5 6. Ndb5 d6 7. Bg5 a6 8. Na3
b5 9. Nd5 Be7 10. Bxf6 Bxf6 11. c3 O-O 12. Nc2 Bg5 13. a4 bxa4 14. Rxa4 a5 15.
Nce3 Bxe3 16. Nxe3 Be6 17. Bc4 Ne7 18. O-O Qd7 19. Qa1 Qb7 20. Bxe6 fxe6 21. Nc4
Ra6 22. Nxa5 Qa7 23. Nc6 Rxa4 24. Nxa7 Rxa1 25. Rxa1 Ra8 26. Ra3 Rb8 27. b4 d5
28. exd5 exd5 29. g3 d4 30. cxd4 exd4 31. b5 Rb7 32. Nc6 Nxc6 33. bxc6 Rb1+ 34.
Kg2 Rc1 1/2-1/2

[Event "PMPJ 2022 - C17"]
[Site "Jastrzebia Gora"]
[Date "2022.11.09"]
[Round "6.24"]
[White "Borzecki, Jakub"]
[Black "Maciejewski, Adam"]
[Result "1-0"]
[BlackElo "1290"]
[WhiteElo "1179"]
[LiveChessVersion "1.4.8"]

1. d4 {[%clk 1:30:35]} e6 {[%clk 1:30:55]} 2. c4 {[%clk 1:29:49]} f5
{[%clk 1:31:20]} 3. Nc3 {[%clk 1:30:18]} Nf6 {[%clk 1:31:42]} 4. g3
{[%clk 1:30:15]} Be7 {[%clk 1:32:04]} 5. Bg2 {[%clk 1:30:40]} O-O
{[%clk 1:32:28]} 6. e4 {[%clk 1:27:49]} fxe4 {[%clk 1:30:10]} 7. Nxe4
{[%clk 1:28:13]} d6 {[%clk 1:27:41]} 8. Nxf6+ {[%clk 1:27:42]} Bxf6
{[%clk 1:27:48]} 9. Ne2 {[%clk 1:24:13]} Nd7 {[%clk 1:25:08]} 10. O-O
{[%clk 1:22:57]} Qe8 {[%clk 1:22:41]} 11. Nf4 {[%clk 1:16:29]} Kh8
{[%clk 1:13:55]} 12. b3 {[%clk 1:01:48]} c5 {[%clk 1:03:25]} 13. Bb2
{[%clk 0:48:03]} Bxd4 {[%clk 0:58:31]} 14. Bxd4 {[%clk 0:47:28]} cxd4
{[%clk 0:58:04]} 15. Re1 {[%clk 0:46:47]} e5 {[%clk 0:56:43]} 16. Nd5
{[%clk 0:45:20]} Qd8 {[%clk 0:54:39]} 17. f4 {[%clk 0:38:14]} Re8
{[%clk 0:48:38]} 18. Qh5 {[%clk 0:26:20]} Nf6 {[%clk 0:41:34]} 19. Nxf6
{[%clk 0:26:34]} gxf6 {[%clk 0:41:59]} 20. Be4 {[%clk 0:25:34]} Re7
{[%clk 0:40:08]} 21. Rad1 {[%clk 0:24:14]} Rg7 {[%clk 0:36:12]} 22. Bf5
{[%clk 0:19:22]} Bd7 {[%clk 0:31:12]} 23. fxe5 {[%clk 0:15:05]} dxe5
{[%clk 0:30:22]} 24. Re4 {[%clk 0:15:10]} Rc8 {[%clk 0:23:24]} 25. Rh4
{[%clk 0:14:47]} Bxf5 {[%clk 0:22:01]} 26. Qxf5 {[%clk 0:15:15]} Rc6
{[%clk 0:21:54]} 27. Rh6 {[%clk 0:14:02]} Rf7 {[%clk 0:19:16]} 28. g4
{[%clk 0:10:16]} Qd7 {[%clk 0:16:19]} 29. Qf3 {[%clk 0:08:14]} Rg7
{[%clk 0:14:25]} 30. h3 {[%clk 0:06:29]} Rg6 {[%clk 0:13:17]} 31. Rh5
{[%clk 0:06:41]} Qe7 {[%clk 0:12:28]} 32. Qe4 {[%clk 0:06:40]} Rg7
{[%clk 0:12:14]} 33. Rf1 {[%clk 0:04:46]} Rd6 {[%clk 0:11:48]} 34. Rf3
{[%clk 0:05:14]} Qd7 {[%clk 0:11:34]} 35. Rd3 {[%clk 0:05:09]} Qf7
{[%clk 0:11:40]} 36. Kf2 {[%clk 0:05:25]} Ra6 {[%clk 0:11:49]} 37. Rd2
{[%clk 0:05:36]} Qd7 {[%clk 0:09:53]} 38. Kg3 {[%clk 0:04:29]} Qd6
{[%clk 0:10:08]} 39. Kh2 {[%clk 0:04:05]} Rd7 {[%clk 0:09:03]} 40. Qg6
{[%clk 0:02:45]} Qe7 {[%clk 0:08:34]} 41. Qe4 {[%clk 0:03:08]} Qb4
{[%clk 0:08:07]} 42. Rg2 {[%clk 0:01:18]} Qc3 {[%clk 0:03:57]} 43. Qf5
{[%clk 0:00:58]} Rad6 {[%clk 0:03:45]} 44. g5 {[%clk 0:01:04]} Rg7
{[%clk 0:01:56]} 45. g6 {[%clk 0:01:02]} Qe3 {[%clk 0:02:01]} 46. Qc8+
{[%clk 0:01:20]} Rg8 {[%clk 0:02:26]} 47. g7# 1-0